00503nam a2200193 a 4500001001300000003000900013005001700022008004100039020001000080082001700090100001700107245003000124260004300154300001000197500003500207505002200242650002800264700001700292nice12345678IN_TiNIC20260116011309.0050524s1943 boma grp 000 0 eng  ac10000a954.050bLOW aLow, Francis aIndian Year Book 1943-44. aBombaybBennett, Coleman and Co.c1943 a1362p aincludes index and biblioraphy2 aAppendix, Indices aIndia-Year Book-1943-441 aLow, Francis